[Event "7th European Individual Senior Champion."]
[Site "Hockenheim, Germany"]
[Date "2007.06.02"]
[Round "1.34"]
[White "Blagonadezhnaya, Ideya"]
[Black "Schippan, Bernd"]
[Result "0-1"]
[WhiteElo "2017"]
[BlackElo "2266"]
[PlyCount "60"]
[EventDate "2007.??.??"]

1. e4 e5 2. Nf3 Nc6 3. Bc4 Nf6 4. Ng5 d5 5. exd5 Nd4 6. c3 b5 7. cxd4 bxc4 8.
dxe5 Nxd5 9. Nf3 Nb4 10. O-O Bf5 11. Ne1 Bc5 12. a3 Nd3 13. Qa4+ Kf8 14. Qxc4
Bb6 15. Nc3 h5 16. Ne4 Nxe5 17. Qb4+ Kg8 18. Ng3 Bd3 19. Nxd3 Nxd3 20. Qe4 Rh6
21. Nf5 Re6 22. Qf3 Nxf2 23. Ne3 Rf6 24. Qxh5 Nd3 25. Rxf6 Qxf6 26. Qf3 Qxf3
27. gxf3 Rd8 28. Kf1 Nxc1 29. Rxc1 Rxd2 30. Rc2 Bxe3 0-1

[Event "7th European Individual Senior Champion."]
[Site "Hockenheim, Germany"]
[Date "2007.06.02"]
[Round "1.36"]
[White "Kalkmann, Hans"]
[Black "Sorensen, Bent"]
[Result "0-1"]
[WhiteElo "2004"]
[BlackElo "2258"]
[PlyCount "92"]
[EventDate "2007.??.??"]

1. Nf3 Nf6 2. d4 d5 3. g3 e6 4. Bg5 c5 5. Bxf6 Qxf6 6. e3 Bd6 7. Bg2 Nc6 8. O-O
O-O 9. c3 b5 10. Nbd2 Bb7 11. a3 a5 12. dxc5 Bxc5 13. Nd4 Na7 14. N2b3 Bb6 15.
Qe2 a4 16. Nd2 Rab8 17. Rfd1 Rfd8 18. Nc2 e5 19. Nf3 Ba8 20. Rd2 Nc6 21. Nb4
Na5 22. Rad1 e4 23. Nd4 Nc4 24. Rc2 Bc7 25. Qh5 Rb6 26. Qf5 Qe7 27. Qg4 Bb7 28.
Qe2 g6 29. Rcc1 Qc5 30. Bh3 Be5 31. Rb1 h5 32. Re1 Kg7 33. f4 exf3 34. Qxf3 Nd2
35. Qd1 Nxb1 36. Qxb1 h4 37. gxh4 Rh8 38. Nf3 Bf6 39. Qd1 Bxh4 40. Nxh4 Rxh4
41. Bg2 Qd6 42. h3 Qg3 43. Re2 Rxh3 44. Qe1 Qh2+ 45. Kf1 Rf6+ 46. Rf2 Rg3 0-1

[Event "7th European Individual Senior Champion."]
[Site "Hockenheim, Germany"]
[Date "2007.06.02"]
[Round "1.37"]
[White "Karl, Hans"]
[Black "De Laubadere, Philippe"]
[Result "1/2-1/2"]
[WhiteElo "2251"]
[BlackElo "2003"]
[PlyCount "50"]
[EventDate "2007.??.??"]

1. d4 f5 2. g3 Nf6 3. Bg2 g6 4. Nc3 Bg7 5. Bg5 Nc6 6. Qd2 d6 7. h4 h6 8. Bxf6
Bxf6 9. Nf3 e6 10. O-O-O d5 11. e3 Bd7 12. Ne2 Qe7 13. Nf4 Qf7 14. Nd3 O-O-O
15. Nfe5 Nxe5 16. Nxe5 Bxe5 17. dxe5 Qe7 18. Qa5 Kb8 19. Rd3 b6 20. Qd2 Bc8 21.
Rd1 Ba6 22. Ra3 Bb7 23. Qe2 c5 24. f4 Rhg8 25. Rh1 d4 1/2-1/2

[Event "7th European Individual Senior Champion."]
[Site "Hockenheim, Germany"]
[Date "2007.06.02"]
[Round "1.38"]
[White "Schwertel, Johann"]
[Black "Erenska-Barlo, Hanna"]
[Result "0-1"]
[WhiteElo "1993"]
[BlackElo "2246"]
[PlyCount "65"]
[EventDate "2007.??.??"]

1. d4 Nf6 2. Nf3 e6 3. Bg5 d5 4. c3 g6 5. Nbd2 Bg7 6. e3 Nc6 7. Be2 O-O 8. O-O
Ne7 9. Re1 Nd7 10. e4 f6 11. Bh4 g5 12. Bg3 Ng6 13. exd5 exd5 14. Bd3 f5 15.
Be5 g4 16. Bxg7 Kxg7 17. Ne5 Ndxe5 18. dxe5 Re8 19. Qc2 Qg5 20. e6 Bxe6 21. Nf1
f4 22. Bxg6 hxg6 23. Qd2 Qf6 24. Rad1 c5 25. Qc1 Bf7 26. Rxe8 Rxe8 27. Re1 Rxe1
28. Qxe1 d4 29. a3 Bd5 30. cxd4 cxd4 31. Nd2 f3 32. Nf1 fxg2 33. Ng3 {
rest der partie unleserlich} 0-1

[Event "7th European Individual Senior Champion."]
[Site "Hockenheim, Germany"]
[Date "2007.06.02"]
[Round "1.39"]
[White "Bogorads, Mihails"]
[Black "Straub, Hermann"]
[Result "1-0"]
[WhiteElo "2245"]
[BlackElo "1993"]
[PlyCount "57"]
[EventDate "2007.??.??"]

1. e4 b6 2. d4 Bb7 3. f3 e6 4. Be3 Nf6 5. Bd3 d6 6. Ne2 Nbd7 7. O-O Be7 8. g4
c5 9. c3 h6 10. Ng3 Qc7 11. Na3 a6 12. b4 Rc8 13. Rc1 Nb8 14. b5 a5 15. Qb3 d5
16. c4 dxe4 17. Nxe4 Bxe4 18. Bxe4 Nxe4 19. fxe4 cxd4 20. Bxd4 Bc5 21. Qe3 Nd7
22. Kg2 O-O 23. Rcd1 Bxd4 24. Qxd4 Ne5 25. h3 Rfd8 26. Qc3 Rxd1 27. Rxd1 Nxc4
28. Nxc4 Qxc4 29. Rd8+ 1-0

[Event "7th European Individual Senior Champion."]
[Site "Hockenheim, Germany"]
[Date "2007.06.02"]
[Round "1.40"]
[White "Schuler, Georg"]
[Black "Visser, Gerrit"]
[Result "1-0"]
[WhiteElo "1992"]
[BlackElo "2240"]
[PlyCount "35"]
[EventDate "2007.??.??"]

1. c4 e5 2. Nc3 Nc6 3. g3 f5 4. Bg2 Nf6 5. e3 Bb4 6. Nge2 O-O 7. O-O Re8 8. a3
Bf8 9. b4 e4 10. d4 exd3 11. Qxd3 Ne5 12. Qd1 Kh8 13. c5 a5 14. Bb2 Nc4 15. Qc2
Nxb2 16. Qxb2 d6 17. Rfd1 Ne4 18. Nf4 {rest der partie unleserlich} 1-0

[Event "7th European Individual Senior Champion."]
[Site "Hockenheim, Germany"]
[Date "2007.06.02"]
[Round "1.41"]
[White "Ljuboschitz, Alexander"]
[Black "Scholz, Herbert Dr"]
[Result "1-0"]
[WhiteElo "2234"]
[BlackElo "1978"]
[PlyCount "71"]
[EventDate "2007.??.??"]

1. e4 c6 2. d4 d5 3. Nc3 dxe4 4. Nxe4 Nd7 5. Nf3 Ngf6 6. Nxf6+ Nxf6 7. Bd3 Bg4
8. Be3 e6 9. h3 Bxf3 10. Qxf3 Bd6 11. O-O-O Nd5 12. Kb1 Qb6 13. Ka1 c5 14. dxc5
Bxc5 15. Bxc5 Qxc5 16. Be4 Rd8 17. Bxd5 Rxd5 18. Rxd5 Qxd5 19. Qxd5 exd5 20.
Rd1 Ke7 21. Rxd5 Rd8 22. Rxd8 Kxd8 23. b3 Kd7 24. Kb2 Kd6 25. Kc3 Kc5 26. a3 b5
27. Kd3 a5 28. c3 Kd5 29. c4+ bxc4+ 30. bxc4+ Kc5 31. Kc3 f6 32. Kd3 f5 33. f4
h5 34. h4 a4 35. Kc3 g6 36. g3 1-0

[Event "7th European Individual Senior Champion."]
[Site "Hockenheim, Germany"]
[Date "2007.06.02"]
[Round "1.42"]
[White "Haug, Kjell"]
[Black "Fomina, Tatyana"]
[Result "0-1"]
[WhiteElo "1967"]
[BlackElo "2231"]
[PlyCount "52"]
[EventDate "2007.??.??"]

1. d4 d5 2. e3 c5 3. Nf3 Nc6 4. Be2 e6 5. O-O Nf6 6. c4 Be7 7. Nc3 O-O 8. cxd5
exd5 9. dxc5 Bxc5 10. a3 a5 11. Nb5 Re8 12. Nfd4 Ne5 13. Nf3 Qe7 14. Qc2 Ne4
15. Nxe5 Qxe5 16. f3 Bd6 17. Nxd6 Nxd6 18. Bd3 Bf5 19. Re1 Rac8 20. Qd2 Rc6 21.
Bxf5 Nxf5 22. e4 dxe4 23. fxe4 Nd4 24. Rf1 Rec8 25. Qf4 Qh5 26. Qg5 Nf3+ 0-1

[Event "7th European Individual Senior Champion."]
[Site "Hockenheim, Germany"]
[Date "2007.06.02"]
[Round "1.44"]
[White "Giacomelli, Bernd"]
[Black "Niebling, Ferdinand"]
[Result "1-0"]
[WhiteElo "1957"]
[BlackElo "2226"]
[PlyCount "89"]
[EventDate "2007.??.??"]

1. d4 f5 2. c4 Nf6 3. Nc3 d6 4. e3 g6 5. Qc2 Bg7 6. Bd2 O-O 7. Nge2 e5 8. f3
Nc6 9. d5 Nb4 10. Qb1 a5 11. Nc1 Bd7 12. Nd3 c5 13. dxc6 bxc6 14. a3 Nxd3+ 15.
Bxd3 Qb6 16. Na4 Qa7 17. b4 e4 18. Bc2 exf3 19. gxf3 axb4 20. axb4 Rfe8 21. Ra3
Qd4 22. Rd3 Qh4+ 23. Ke2 Nh5 24. Rxd6 Qxc4+ 25. Kd1 Qf7 26. Bb3 Be6 27. Rxe6
Rxe6 28. Nc5 Rd6 29. Bxf7+ Kxf7 30. Qb3+ Ke7 31. Kc2 Rad8 32. Rd1 Rd5 33. e4
fxe4 34. fxe4 Re5 35. Bg5+ Rxg5 36. Rxd8 Rxc5+ 37. bxc5 Kxd8 38. Qg8+ Ke7 39.
Qxh7 Kf7 40. e5 Nf4 41. Kb3 Nd3 42. e6+ Kf6 43. Qh4+ g5 44. Qd4+ Ne5 45. Qxe5+
1-0

[Event "7th European Individual Senior Champion."]
[Site "Hockenheim, Germany"]
[Date "2007.06.02"]
[Round "1.46"]
[White "Frantzke, Helmut"]
[Black "Krieger, Hermann"]
[Result "0-1"]
[WhiteElo "1955"]
[BlackElo "2223"]
[PlyCount "60"]
[EventDate "2007.??.??"]

1. e4 c5 2. Nf3 Nc6 3. d3 g6 4. g3 Bg7 5. Bg2 d6 6. O-O Nf6 7. c3 O-O 8. Nbd2
e5 9. Re1 h6 10. Nf1 Be6 11. Ne3 Qd7 12. Nh4 d5 13. Qc2 Rad8 14. Rd1 d4 15. Nf1
dxc3 16. bxc3 c4 17. Ba3 cxd3 18. Bxf8 dxc2 19. Rxd7 Rxd7 20. Ba3 Bf8 21. Bb2
Rd1 22. Rc1 Rxc1 23. Bxc1 Bxa2 24. Ne3 Bb3 25. f4 Bc5 26. Kf1 Na5 27. fxe5 Bxe3
28. Bxe3 Ng4 29. Bd2 Nc4 30. Ke1 Ngxe5 0-1

[Event "7th European Individual Senior Champion."]
[Site "Hockenheim, Germany"]
[Date "2007.06.02"]
[Round "1.48"]
[White "Alvarez Escudero, Manuel"]
[Black "Hvenekilde, Jorgen"]
[Result "0-1"]
[WhiteElo "1945"]
[BlackElo "2221"]
[PlyCount "110"]
[EventDate "2007.??.??"]

1. e4 e5 2. Nf3 Nc6 3. Bc4 Nf6 4. Ng5 d5 5. exd5 Nd4 6. c3 b5 7. Bb3 Nxb3 8.
Qxb3 Qxd5 9. Qxd5 Nxd5 10. d3 h6 11. Ne4 f5 12. Ng3 Bd6 13. Ne2 O-O 14. b3 Bb7
15. Bd2 a5 16. f3 a4 17. b4 c5 18. a3 Rac8 19. c4 bxc4 20. dxc4 Nb6 21. bxc5
Bxc5 22. Nbc3 Nxc4 23. Nxa4 Nxd2 24. Kxd2 Bf2 25. Nac3 Ba6 26. Rhd1 Rfd8+ 27.
Kc2 Bd4 28. Kb3 Bxe2 29. Rxd4 Rxc3+ 30. Kxc3 exd4+ 31. Kd2 Ba6 32. Rb1 Rd6 33.
a4 Kf7 34. a5 Rd5 35. Rb4 d3 36. Ra4 Re5 37. g4 Re2+ 38. Kd1 Rxh2 39. Rf4 g6
40. gxf5 Ra2 41. fxg6+ Kxg6 42. Rg4+ Kh5 43. Rd4 Rxa5 44. Kd2 Kg5 45. Rg4+ Kf6
46. Rd4 h5 47. Rd6+ Kg5 48. Rd4 h4 49. f4+ Kf5 50. Ke3 h3 51. Rd8 h2 52. Rh8
Ra2 53. Rf8+ Kg6 54. Rh8 Re2+ 55. Kf3 h1=Q+ 0-1

[Event "7th European Individual Senior Champion."]
[Site "Hockenheim, Germany"]
[Date "2007.06.02"]
[Round "1.49"]
[White "Khroulkov, German"]
[Black "Sevenyuk, Alexey"]
[Result "1-0"]
[WhiteElo "2215"]
[BlackElo "1940"]
[PlyCount "61"]
[EventDate "2007.??.??"]

1. d4 e6 2. c4 Nf6 3. Nf3 d5 4. Bg5 Be7 5. Nc3 b6 6. cxd5 Nxd5 7. Nxd5 exd5 8.
Bxe7 Qxe7 9. e3 Qb4+ 10. Qd2 Qxd2+ 11. Kxd2 Ba6 12. b4 Bxf1 13. Rhxf1 O-O 14.
Rfc1 c6 15. Ne5 Re8 16. Rc3 a5 17. Ra3 f6 18. Nd3 Nd7 19. bxa5 Rxa5 20. Rxa5
bxa5 21. Rb1 Rb8 22. Rxb8+ Nxb8 23. Nc5 Kf7 24. Kc3 Ke7 25. Kb3 Nd7 26. Nxd7
Kxd7 27. Ka4 c5 28. Kxa5 c4 29. Kb4 f5 30. f3 g5 31. e4 1-0

[Event "7th European Individual Senior Champion."]
[Site "Hockenheim, Germany"]
[Date "2007.06.02"]
[Round "1.50"]
[White "Zakharova, Lidiya"]
[Black "Jadrijevic, Ante"]
[Result "0-1"]
[WhiteElo "1938"]
[BlackElo "2213"]
[PlyCount "134"]
[EventDate "2007.??.??"]

1. d4 d5 2. c4 c6 3. cxd5 cxd5 4. Nc3 Nc6 5. g3 Nf6 6. Bg2 e6 7. Nf3 Be7 8. O-O
O-O 9. Bg5 h6 10. Bxf6 Bxf6 11. e3 Bd7 12. Rc1 b5 13. Nxb5 Rb8 14. Qe2 Qb6 15.
a4 a6 16. Nc3 Qxb2 17. Qxa6 Rb6 18. Qd3 Rb3 19. Qc2 Qa3 20. Qd2 Rfb8 21. Ra1
Qb4 22. Nb5 Ra8 23. Qxb4 Rxb4 24. Nc3 Na5 25. Rfb1 Be7 26. Ne5 Be8 27. Bf1 Rc8
28. Rxb4 Bxb4 29. Nb5 Kf8 30. Nd3 Be7 31. Rc1 Rxc1 32. Nxc1 Bd7 33. Nd3 Bxb5
34. axb5 Nc4 35. Nc5 Nb6 36. Bd3 Ke8 37. Kf1 Kd8 38. Ke1 Kc7 39. Kd2 Nc8 40.
Kc2 Nb6 41. Kb3 g6 42. Be2 Bf8 43. Bg4 Be7 44. Be2 Bf8 45. g4 Be7 46. Bd3 Bh4
47. Bxg6 fxg6 48. Nxe6+ Kd6 49. Nf4 Bxf2 50. Nxg6 Bxe3 51. Nh4 Bxd4 52. Nf5+
Ke5 53. Nxh6 Kf4 54. Nf5 Bf6 55. h3 d4 56. Kc2 Nd7 57. Kd2 Ke5 58. Ng3 Kd5 59.
Nf5 Bg5+ 60. Ke2 Nc5 61. h4 d3+ 62. Kd1 Bf4 63. b6 Ne4 64. Ne7+ Kc4 65. Ng6
Nc3+ 66. Ke1 d2+ 67. Kf2 Bd6 0-1

[Event "7th European Individual Senior Champion."]
[Site "Hockenheim, Germany"]
[Date "2007.06.02"]
[Round "1.51"]
[White "Estrada Martinez, Cesar"]
[Black "Zachariassen, John"]
[Result "1-0"]
[WhiteElo "2208"]
[BlackElo "1933"]
[PlyCount "75"]
[EventDate "2007.??.??"]

1. Nf3 d6 2. d4 Nd7 3. e4 c6 4. Bf4 Ngf6 5. Nc3 g6 6. e5 Nh5 7. Be3 Nb6 8. h3
Ng7 9. Bd3 Bf5 10. Bf4 Qd7 11. exd6 exd6 12. O-O O-O-O 13. a4 Bxd3 14. Qxd3 Qf5
15. Qxf5+ Nxf5 16. a5 Nd7 17. g4 Nh6 18. d5 a6 19. Rfe1 f6 20. g5 Nf5 21. gxf6
h6 22. Re6 Nc5 23. b4 Nxe6 24. dxe6 d5 25. e7 Nxe7 26. fxe7 Bxe7 27. Na4 Rdf8
28. Be5 Rhg8 29. Nd4 Kd7 30. c3 g5 31. Re1 Rg6 32. Nb6+ Ke8 33. Nc8 Kd7 34.
Nxe7 Kxe7 35. Bg7+ Kf7 36. Bxf8 Kxf8 37. Re6 Rxe6 38. Nxe6+ 1-0

[Event "7th European Individual Senior Champion."]
[Site "Hockenheim, Germany"]
[Date "2007.06.02"]
[Round "1.52"]
[White "Gonzalo Gonzalez, Francisco"]
[Black "Van Den Berg, Ad"]
[Result "0-1"]
[WhiteElo "1914"]
[BlackElo "2204"]
[PlyCount "67"]
[EventDate "2007.??.??"]

1. e4 c5 2. Bc4 e6 3. Nf3 a6 4. a3 d5 5. exd5 exd5 6. Ba2 Nf6 7. O-O Be7 8. d3
Nc6 9. Bg5 O-O 10. Nc3 Be6 11. Re1 b5 12. Ne2 h6 13. Bh4 Bg4 14. c3 Bxf3 15.
gxf3 Nh5 16. Bxe7 Qxe7 17. Kh1 Qd6 18. Rg1 Ne7 19. d4 c4 20. Ng3 Nf4 21. Bb1 f5
22. Qd2 Rfe8 23. Bc2 Nh3 24. Rg2 Ng5 25. Rd1 f4 26. Nf1 Ng6 27. Rg4 Qf6 28. h4
Nxh4 29. Rxh4 Ne4 30. fxe4 Qxh4+ 31. Nh2 dxe4 32. Qe2 f3 33. Qf1 e3 34. fxe3
0-1

[Event "7th European Individual Senior Champion."]
[Site "Hockenheim, Germany"]
[Date "2007.06.02"]
[Round "1.53"]
[White "Gabriel, Josef"]
[Black "Roehrl, Bruno"]
[Result "1-0"]
[WhiteElo "2202"]
[BlackElo "1911"]
[PlyCount "39"]
[EventDate "2007.??.??"]

1. c4 Nf6 2. Nc3 e6 3. e4 d6 4. d4 Be7 5. Nf3 c6 6. Bd3 Qc7 7. O-O e5 8. h3
Nbd7 9. Be3 exd4 10. Nxd4 Ne5 11. Be2 Be6 12. b3 Ned7 13. f4 Nc5 14. Bf3 Rd8
15. Qe1 O-O 16. Rd1 Rfe8 17. Qg3 Bc8 18. b4 Ncd7 19. Nf5 Bf8 20. Nh6+ 1-0

[Event "7th European Individual Senior Champion."]
[Site "Hockenheim, Germany"]
[Date "2007.06.02"]
[Round "1.54"]
[White "Schwichtenberg, Juergen"]
[Black "Funk, Paul"]
[Result "0-1"]
[WhiteElo "1911"]
[BlackElo "2197"]
[PlyCount "76"]
[EventDate "2007.??.??"]

1. b4 Nf6 2. Bb2 e6 3. b5 d5 4. e3 Bd6 5. Nf3 O-O 6. Be2 Qe7 7. O-O Nbd7 8. d4
e5 9. dxe5 Nxe5 10. Nxe5 Bxe5 11. Bxe5 Qxe5 12. Nd2 Bd7 13. Nf3 Qe7 14. c4 Be6
15. cxd5 Bxd5 16. Nd4 Rfd8 17. Qc2 h5 18. Bf3 Bxf3 19. Nxf3 Rd5 20. Rfc1 Ne8
21. a4 Rad8 22. h3 g5 23. Qc4 Qe6 24. Nd4 Qe4 25. Qc2 Qe5 26. Nf3 Qe7 27. Qc4
R8d7 28. Nd4 Nf6 29. Ra2 g4 30. hxg4 hxg4 31. g3 Qe4 32. Kf1 Rxd4 33. exd4 Rxd4
34. Qc3 Nd5 35. Qb2 Qh1+ 36. Ke2 Qf3+ 37. Ke1 Re4+ 38. Qe2 Qh1+ 0-1

[Event "7th European Individual Senior Champion."]
[Site "Hockenheim, Germany"]
[Date "2007.06.02"]
[Round "1.55"]
[White "Lainburg, Victor"]
[Black "Bauer, Armin Dr"]
[Result "1-0"]
[WhiteElo "2188"]
[BlackElo "1902"]
[PlyCount "67"]
[EventDate "2007.??.??"]

1. d4 Nf6 2. Bg5 e6 3. e4 h6 4. Bxf6 Qxf6 5. Nc3 Bb4 6. Qd2 d6 7. f4 e5 8. dxe5
dxe5 9. Nge2 Bg4 10. a3 Bxe2 11. axb4 Bxf1 12. Rxf1 Nc6 13. b5 Nd4 14. O-O-O
O-O-O 15. Nd5 Rxd5 16. exd5 Nxb5 17. fxe5 Qxe5 18. Rxf7 Re8 19. Qf4 Qxf4+ 20.
Rxf4 Nd6 21. Rdf1 Re2 22. Rg4 g5 23. Rf8+ Kd7 24. b3 Ne4 25. Rh8 h5 26. Rxh5
Nf6 27. Rhxg5 Nxg4 28. Rxg4 Kd6 29. Rg5 Kc5 30. Kb2 b5 31. h4 a5 32. h5 Kb4 33.
Rg4+ Kc5 34. h6 1-0

[Event "7th European Individual Senior Champion."]
[Site "Hockenheim, Germany"]
[Date "2007.06.02"]
[Round "1.56"]
[White "Smits, Oswald"]
[Black "Achenbach, Manfred"]
[Result "0-1"]
[WhiteElo "1894"]
[BlackElo "2187"]
[PlyCount "66"]
[EventDate "2007.??.??"]

1. d4 c5 2. e3 Nf6 3. Bd3 g6 4. Nf3 Bg7 5. O-O d6 6. b3 O-O 7. Bb2 Nc6 8. a3
Nd7 9. c3 e5 10. d5 Ne7 11. e4 Nf6 12. Nbd2 Nh5 13. Re1 Nf4 14. Bc2 h6 15. Nf1
Bd7 16. Kh1 Bg4 17. Ne3 Bd7 18. Ng1 Qc8 19. Nc4 Qc7 20. Bc1 b5 21. Ne3 Qc8 22.
Qf3 f5 23. Qd1 fxe4 24. Bxe4 Nf5 25. Qc2 a5 26. c4 Nd4 27. Qd1 bxc4 28. Nxc4
Qc7 29. Rb1 a4 30. b4 Bb5 31. Ne3 c4 32. Nf1 c3 33. Qc2 Nxc2 0-1

[Event "7th European Individual Senior Champion."]
[Site "Hockenheim, Germany"]
[Date "2007.06.02"]
[Round "1.57"]
[White "Striebich, Rudolf"]
[Black "Woisetschlaeger, Adolf"]
[Result "1/2-1/2"]
[WhiteElo "2187"]
[BlackElo "1892"]
[PlyCount "101"]
[EventDate "2007.??.??"]

1. e4 e6 2. d4 d5 3. Nc3 Nf6 4. Bg5 Be7 5. e5 Nfd7 6. Bxe7 Qxe7 7. f4 Nb6 8.
Nf3 a6 9. Bd3 c5 10. O-O c4 11. Be2 Bd7 12. Qd2 Nc6 13. Nd1 O-O 14. c3 f6 15.
exf6 gxf6 16. Ne3 Kh8 17. Rae1 Qg7 18. g3 Be8 19. Nh4 f5 20. Neg2 Nd7 21. Qe3
Bf7 22. Bf3 Nf6 23. Re2 Rae8 24. Ne1 Rg8 25. Rg2 Qh6 26. Qf2 Rg7 27. Kh1 Reg8
28. Rfg1 Ne7 29. Nc2 Ng6 30. Nxg6+ Rxg6 31. Ne3 R6g7 32. Rb1 Bh5 33. Qe2 Bxf3
34. Qxf3 Ne4 35. Rbg1 b5 36. Nf1 Qh3 37. Qe3 h5 38. Nd2 h4 39. Nxe4 dxe4 40. d5
exd5 41. Qd4 Kh7 42. g4 Qf3 43. Qf6 Qxf4 44. Qxh4+ Qh6 45. Qf2 fxg4 46. Qf5+
Kh8 47. Qxd5 e3 48. Qe4 g3 49. Qe5 Kh7 50. Qe4+ Kh8 51. Qe5 1/2-1/2

[Event "7th European Individual Senior Champion."]
[Site "Hockenheim, Germany"]
[Date "2007.06.02"]
[Round "1.58"]
[White "Benito Alba, Eladio"]
[Black "Amrehn, Fred"]
[Result "1/2-1/2"]
[WhiteElo "1881"]
[BlackElo "2185"]
[PlyCount "104"]
[EventDate "2007.??.??"]

1. d4 Nf6 2. Nf3 d5 3. c4 c6 4. cxd5 cxd5 5. Nc3 Nc6 6. Bf4 Nh5 7. Bd2 Bg4 8.
e3 e6 9. Be2 Nf6 10. O-O Bd6 11. Rc1 O-O 12. a3 Rc8 13. b4 Bb8 14. h3 Bf5 15.
Qb3 Ne4 16. Rfd1 Nxd2 17. Rxd2 a6 18. Bd3 Ne7 19. Bxf5 Nxf5 20. Rdc2 b5 21. Ne2
Qd7 22. Rxc8 Rxc8 23. Rxc8+ Qxc8 24. Qc3 Qc4 25. Nd2 Qxc3 26. Nxc3 Nd6 27. Nb3
Nc4 28. Nc5 Nxa3 29. Nxa6 Bd6 30. Kf1 Kf8 31. Ke2 Ke7 32. Kd3 Kd7 33. Nc5+ Kc6
34. Na2 Nc4 35. Kc3 e5 36. Nc1 e4 37. N1b3 h5 38. Nc1 g5 39. Ne2 Be7 40. g3 Nd6
41. Kd2 Nf5 42. Ng1 Bd6 43. Kc3 Ng7 44. Ne2 Nf5 45. Nb3 Ne7 46. Nc5 Ng6 47. Ng1
g4 48. h4 Ne7 49. Ne2 Nf5 50. Nb3 Ng7 51. Nc5 Nf5 52. Nb3 Ne7 1/2-1/2

[Event "7th European Individual Senior Champion."]
[Site "Hockenheim, Germany"]
[Date "2007.06.02"]
[Round "1.59"]
[White "Hohler, Peter"]
[Black "Barlo, Werner"]
[Result "1-0"]
[WhiteElo "2183"]
[BlackElo "1871"]
[PlyCount "135"]
[EventDate "2007.??.??"]

1. d4 d5 2. c4 e6 3. Nc3 Nf6 4. Bg5 Be7 5. e3 Nbd7 6. Nf3 h6 7. Bh4 c6 8. Bd3
O-O 9. O-O dxc4 10. Bxc4 Nd5 11. Bxe7 Qxe7 12. Qd2 N7f6 13. Rac1 Bd7 14. Rfe1
Qb4 15. Bd3 Rfd8 16. Bb1 Nxc3 17. bxc3 Qf8 18. e4 Be8 19. Qd3 g6 20. e5 Nd5 21.
Nd2 Qg7 22. Ne4 b5 23. c4 bxc4 24. Rxc4 a5 25. Nd6 Bd7 26. Qd2 a4 27. a3 Rdb8
28. Bc2 Rb2 29. Qc1 Rab8 30. Rxa4 f6 31. Ra7 fxe5 32. dxe5 R2b6 33. h4 Rd8 34.
Qd2 Rbb8 35. Qd3 Ra8 36. Rb7 Rab8 37. Ra7 Ra8 38. Rb7 Rab8 39. Qxg6 Rxb7 40.
Nxb7 Qxg6 41. Bxg6 Ra8 42. Nc5 Bc8 43. a4 Ra5 44. Ne4 Rxa4 45. Be8 Ne7 46. Nd6
Rxh4 47. Nxc8 Nxc8 48. Bd7 Ne7 49. Bxe6+ Kf8 50. g3 Rd4 51. Kg2 Rd2 52. Kf3
Rd3+ 53. Kg4 Rd2 54. f4 Rd4 55. Re3 Nd5 56. Bxd5 Rxd5 57. Kf5 Kg7 58. Rc3 c5
59. Ke6 Rd4 60. Rxc5 Rd3 61. Rc2 Kg6 62. f5+ Kh5 63. f6 Rxg3 64. f7 Rf3 65. Rc8
Kg6 66. f8=Q Rxf8 67. Rxf8 Kg7 68. Rf1 1-0

[Event "7th European Individual Senior Champion."]
[Site "Hockenheim, Germany"]
[Date "2007.06.02"]
[Round "1.60"]
[White "Abolina, Arija-solveiga"]
[Black "Bounianer, Wladimir"]
[Result "0-1"]
[WhiteElo "1870"]
[BlackElo "2183"]
[PlyCount "72"]
[EventDate "2007.??.??"]

1. c4 Nf6 2. Nc3 c5 3. g3 e6 4. Bg2 d5 5. cxd5 exd5 6. e4 dxe4 7. Nxe4 Nxe4 8.
Qe2 Be7 9. Qxe4 O-O 10. Nf3 Nc6 11. O-O Be6 12. a3 Bf6 13. Re1 c4 14. Re3 Re8
15. Qc2 Rc8 16. d3 Nd4 17. Qa4 b5 18. Qd1 Nf5 19. Re2 Qxd3 20. Rd2 Qb3 21. Qxb3
cxb3 22. Re2 Rc2 23. Bf1 Rd8 24. Ne1 Rxe2 25. Bxe2 Bc4 26. Bg4 Nh6 27. Bxh6
gxh6 28. Rb1 Rd2 29. Nf3 Rxb2 30. Bf5 Bd5 31. Ne1 Rxb1 32. Bxb1 Be7 33. Bd3
Bxa3 34. Bxb5 b2 35. Bd3 Bb4 36. Kf1 Bc4 0-1

[Event "7th European Individual Senior Champion."]
[Site "Hockenheim, Germany"]
[Date "2007.06.02"]
[Round "1.61"]
[White "Siegmund, Rainer"]
[Black "Diaz Begonte, Manuel"]
[Result "1/2-1/2"]
[WhiteElo "2179"]
[BlackElo "1865"]
[PlyCount "47"]
[EventDate "2007.??.??"]

1. d4 d5 2. c4 c6 3. Nf3 Nf6 4. Nc3 dxc4 5. a4 Bf5 6. Ne5 Nbd7 7. Nxc4 e6 8. e3
Be7 9. Be2 O-O 10. O-O Qc7 11. f4 h6 12. Bf3 Nb6 13. Ne5 Nbd5 14. Qe2 Nxc3 15.
bxc3 Ne4 16. Bb2 Rfd8 17. Nd3 Rac8 18. Nf2 Nxf2 19. Rxf2 c5 20. Rff1 cxd4 21.
exd4 Bd6 22. g3 Bh3 23. Rfc1 Be7 24. d5 1/2-1/2

[Event "7th European Individual Senior Champion."]
[Site "Hockenheim, Germany"]
[Date "2007.06.02"]
[Round "1.63"]
[White "Fischer, Gerd"]
[Black "Strozewski, Guenter"]
[Result "1-0"]
[WhiteElo "2175"]
[BlackElo "1852"]
[PlyCount "85"]
[EventDate "2007.??.??"]

1. e4 e5 2. Nf3 Nc6 3. Bb5 a6 4. Ba4 Bc5 5. O-O d6 6. d4 exd4 7. Nxd4 Bd7 8.
Nxc6 Bxc6 9. Bxc6+ bxc6 10. Nc3 Nf6 11. Qf3 Bd4 12. Ne2 Be5 13. c3 O-O 14. Nd4
Qd7 15. Bf4 Rfe8 16. Rfe1 Rab8 17. b3 g6 18. Bxe5 dxe5 19. Qxf6 exd4 20. Qxd4
Qe7 21. Qc4 Rb6 22. Rad1 c5 23. Rd5 Rb5 24. Qd3 Rb6 25. f3 Rbb8 26. Qxa6 Ra8
27. Qe2 c6 28. Rd2 Qg5 29. Qe3 Qh4 30. Qf2 Qf4 31. Red1 Re5 32. Re2 Rh5 33. Qg3
Qf6 34. f4 Qe7 35. e5 Qa7 36. c4 Qe7 37. Rd6 Rd8 38. Qd3 Rc8 39. Qe3 Qh4 40. g3
Qg4 41. Red2 Qf5 42. Qxc5 Qb1+ 43. Rd1 1-0

[Event "7th European Individual Senior Champion."]
[Site "Hockenheim, Germany"]
[Date "2007.06.02"]
[Round "1.65"]
[White "Feller, Joseph"]
[Black "Kornath, Heinrich"]
[Result "1-0"]
[WhiteElo "2174"]
[BlackElo "1838"]
[PlyCount "111"]
[EventDate "2007.??.??"]

1. e4 c5 2. c3 Nf6 3. e5 Nd5 4. d4 cxd4 5. Nf3 Nc6 6. cxd4 d6 7. exd6 Qxd6 8.
Nc3 Bg4 9. Bc4 e6 10. O-O Nb6 11. Bb3 Rd8 12. h3 Bh5 13. Nb5 Qb8 14. Bg5 Rd7
15. g4 Bg6 16. Qe2 Be7 17. Bxe7 Rxe7 18. Ne5 Nxe5 19. Qxe5 Qxe5 20. dxe5 O-O
21. Rfd1 a6 22. Nd6 h5 23. Rac1 Rb8 24. Rc3 Kf8 25. a4 f6 26. a5 Nd5 27. Bxd5
exd5 28. exf6 gxf6 29. gxh5 Bxh5 30. Rxd5 Bg6 31. Rg3 Bf7 32. Nxf7 Kxf7 33. Rd6
Re5 34. b4 Rb5 35. Rg4 b6 36. Rf4 Rg5+ 37. Kf1 bxa5 38. Rfxf6+ Kg7 39. bxa5
Rb1+ 40. Ke2 Rb2+ 41. Ke3 Rb3+ 42. Kf4 Rxa5 43. Rg6+ Kf7 44. Kg4 Ra4+ 45. f4
Raa3 46. Rdf6+ Ke7 47. h4 Rg3+ 48. Kh5 a5 49. Ra6 Rxg6 50. Kxg6 a4 51. Ra7+ Ke8
52. h5 Rg3+ 53. Kf6 a3 54. h6 Rh3 55. h7 a2 56. Rxa2 1-0

[Event "7th European Individual Senior Champion."]
[Site "Hockenheim, Germany"]
[Date "2007.06.02"]
[Round "1.66"]
[White "Egger, Herbert"]
[Black "Ofstad, Per"]
[Result "1/2-1/2"]
[WhiteElo "1834"]
[BlackElo "2169"]
[PlyCount "73"]
[EventDate "2007.??.??"]

1. e4 c6 2. d4 d5 3. e5 Bf5 4. Nf3 e6 5. c3 Nd7 6. Nbd2 c5 7. Be2 Ne7 8. Nh4
Rc8 9. Nxf5 Nxf5 10. Nf3 cxd4 11. cxd4 Bb4+ 12. Bd2 Qa5 13. a3 Bxd2+ 14. Qxd2
Qxd2+ 15. Kxd2 f6 16. Bb5 a6 17. Bxd7+ Kxd7 18. g4 Ne7 19. Rac1 Nc6 20. Ke3 Na5
21. Nd2 h5 22. Rxc8 Kxc8 23. Kf3 fxe5 24. dxe5 Nc6 25. Rc1 hxg4+ 26. Kxg4 Rxh2
27. Kg3 Rh5 28. f4 Kd7 29. Nf3 Ne7 30. Kg4 Rh8 31. Nd4 Rh2 32. b4 Rg2+ 33. Kf3
Ra2 34. Rc3 Rh2 35. Kg4 Rd2 36. Nb3 Rg2+ 37. Kf3 1/2-1/2